Statistics for Philadelphia 76ers 2010's Starters

Click here to take the quiz!

General Stats

  • This quiz has been taken 182 times
    (87 since last reset)
  • The average score is 12 of 27

Answer Stats

Player Starts % Correct
Joel Embiid2
99%
Ben Simmons2
99%
Jimmy Butler1
81%
J.J. Redick2
80%
Robert Covington4
78%
Dario Šarić2
74%
Michael Carter-Williams2
70%
Andre Iguodala3
65%
Jahlil Okafor1
64%
Jrue Holiday4
62%
Nerlens Noel2
61%
Thaddeus Young2
53%
T.J. McConnell1
45%
Ish Smith1
42%
Spencer Hawes4
41%
Elton Brand3
39%
Evan Turner1
35%
Samuel Dalembert1
27%
Wilson Chandler1
19%
Gerald Henderson1
18%
James Anderson1
16%
Ersan Ilyasova1
15%
Lavoy Allen1
14%
Jodie Meeks2
12%
JaKarr Sampson1
9%
Jerami Grant1
7%
Luc Mbah a Moute1
3%

Score Distribution

Percentile by Number Answered

Percent of People with Each Score

Your Score History

You have not taken this quiz since the last reset